00384pab a2200121 454500008004000000100002900040245010300069260000900172300001300181362001100194650002300205773003400228180718b2013 xxu||||| |||| 00| 0 eng d aTripathi, Ashutosh Kumar aDecomposing variability in agriculture price: The case of selected Indian agricultural commodities c2013 ap.46-53. a28 Dec aAgricultural price aEconomic and Political Weekly